Statistics for General Knowledge Quiz #195

Click here to take the quiz!

General Stats

  • This quiz has been taken 12,030 times
  • The average score is 12 of 20

Answer Stats

Question Answer % Correct
What movie made Macaulay Culkin famous?Home Alone
90%
What do angels and saints have on their heads?Halos
89%
What does the K stand for in K-pop?Korean
79%
What character has been portrayed by actresses Linda Carter and Gal Gadot?Wonder Woman
77%
What do the rings on the Olympic flag represent?The Continents
70%
What is the largest bone in the lower leg?Tibia
65%
What do Atlanta and Tbilisi have in common?They are both
capitals of Georgia
59%
What capital city is the furthest away from London?Wellington
57%
In what country would you find the city of Tangier?Morocco
57%
What Danish fabulist wrote "The Little Mermaid" and "The Ugly Duckling"?Hans Christian
Andersen
57%
Who doubted quantum mechanics, saying that God doesn't throw dice?Albert Einstein
56%
An entomologist studies insects. What does an etymologist study?{Word} origins
55%
What was the first sequel to the movie Alien?Aliens
54%
What movie featured French castle dwellers who hurled insults such as "Your mother was
a hamster and your father smelt of elderberries"?
Monty Python and
the Holy Grail
54%
Which English city is known for steel production, the movie "The Full Monty", and having
a football club named Wednesday?
Sheffield
51%
What versatile German word can mean "please", "you're welcome", or "here you are"?bitte
50%
What intrepid young Belgian reporter traveled to America, Tibet, and even the Moon?Tintin
40%
What has been called "a good walk spoiled"?Golf
38%
What country experienced virtually no inflation between 1995 and 2017?Japan
38%
Henry VIII's obesity and mood swings have often been blamed on a festering leg injury.
What sport was he doing when he got the injury?
Jousting
37%

Score Distribution

Percentile by Number Answered

Percent of People with Each Score

Your Score History

You have not taken this quiz